书目信息 |
| 题名: |
调性音乐的曲式结构
|
|
| 作者: | 林育 编著 | |
| 分册: | ||
| 出版信息: | 上海 上海音乐出版社 2013 |
|
| 页数: | 268页 | |
| 开本: | 26cm | |
| 丛书名: | ||
| 单 册: | ||
| 中图分类: | J614.3 | |
| 科图分类: | ||
| 主题词: | 调性--音乐--曲式学 | |
| 电子资源: | ||
| ISBN: | 978-7-80751-896-9 | |
| 000 | 00798nam0 2200241 450 | |
| 001 | 338179 | |
| 005 | 20150601150023.73 | |
| 010 | @a978-7-80751-896-9@dCNY58.00 | |
| 100 | @a20130403d2013 em y0chiy50 ea | |
| 101 | 0 | @achi |
| 102 | @aCN@b310000 | |
| 105 | @ag z 000yy | |
| 106 | @ar | |
| 200 | 1 | @a调性音乐的曲式结构@Atiao xing yin le de qu shi jie gou@f林育编著 |
| 210 | @a上海@c上海音乐出版社@d2013 | |
| 215 | @a268页@d26cm | |
| 300 | @a北京市“211工程”重点建设学科出版专项 首都师范大学音乐学院教材系列 | |
| 330 | @a本书共九章, 内容包括: 绪论、乐段与一部曲式、单二部曲式、单三部曲式、复三部曲式、变奏曲式、回旋曲式、奏鸣曲式等。 | |
| 606 | 0 | @a调性@x音乐@x曲式学 |
| 690 | @aJ614.3@v5 | |
| 701 | 0 | @a林育@Alin yu@4编著 |
| 801 | 0 | @aCN@b卓展宏图@c20150525 |
| 905 | @dJ614.3@e632@f2 | |
| 调性音乐的曲式结构/林育编著.-上海:上海音乐出版社,2013 |
| 268页;26cm |
| 北京市“211工程”重点建设学科出版专项 首都师范大学音乐学院教材系列 |
| ISBN 978-7-80751-896-9:CNY58.00 |
| 本书共九章, 内容包括: 绪论、乐段与一部曲式、单二部曲式、单三部曲式、复三部曲式、变奏曲式、回旋曲式、奏鸣曲式等。 |
| ● |
| 相关链接 |
|
|
|
|
正题名:调性音乐的曲式结构
索取号:J614.3/632
 
预约/预借
| 序号 | 登录号 | 条形码 | 馆藏地/架位号 | 状态 | 备注 |
| 1 | 857651 | 208576511 | 第一样本阅览室/ [索取号:J614.3/632] | 在馆 | |
| 2 | 857652 | 208576520 | 第一借阅区/ [索取号:J614.3/632] | 在馆 |